Le Val-d'Oise en images - Statistiques

Statistiques générales
  • Ce quiz a été pris 164 fois
  • Le résultat moyen est 8 sur 18
Statistiques - réponses
Par images Hint Réponse % Correct
Peintre ayant vécu dans le département Vincent Van Gogh
93%
Aéroport international Aéroport de Paris-Charles-de-Gaulle
90%
Ville de la préfecture Cergy
88%
Chef-lieu Pontoise
77%
Humoriste Elie Semoun
63%
Station thermale Enghien-les-Bains
63%
Parc naturel régional à l'ouest du département Vexin Français
56%
Chanteuse Lorie
48%
Vidéaste Antoine Daniel
47%
Sport dans lequel les Jokers évoluent au premier niveau national Hockey sur glace
46%
Château abritant le Musée National de la Renaissance Château d'Écouen
27%
Village classé parmi les plus beaux villages de France La Roche-Guyon
20%
Ville touristique L'Isle-Adam
20%
Édifice religieux Abbaye de Royaumont
19%
Oeuvre-parc Axe Majeur
17%
Photographe Louis Daguerre
15%
Fruit valdoisien Cerise de Montmorency
10%
Parc naturel régional au nord du département Oise - Pays de France
7%
Aucun quiz correspondant
Distribution des résultats
% des personnes avec chaque résultat
Percentile par nombre de réponses
Votre historique - résultats
Vous n’avez pas pris ce quiz